Let's talk about food : (Record no. 52646)
[ view plain ]
| 000 -LEADER | |
|---|---|
| fixed length control field | 00692nam a22002177a 4500 |
| 005 - DATE AND TIME OF LATEST TRANSACTION | |
| control field | 20240423092403.0 |
| 008 - FIXED-LENGTH DATA ELEMENTS--GENERAL INFORMATION | |
| fixed length control field | 240423b ||||| |||| 00| 0 eng d |
| 020 ## - INTERNATIONAL STANDARD BOOK NUMBER | |
| International Standard Book Number | 0884160084 |
| 040 ## - CATALOGING SOURCE | |
| Original cataloging agency | BSOP |
| 050 ## - LIBRARY OF CONGRESS CALL NUMBER | |
| Classification number | TX355 |
| Item number | L64 1974 |
| 245 ## - TITLE STATEMENT | |
| Title | Let's talk about food : |
| Remainder of title | answers to your questions about foods and nutrition / |
| Statement of responsibility, etc | edited by Philip L. White & Nancy Salvey. |
| 260 ## - PUBLICATION, DISTRIBUTION, ETC. (IMPRINT) | |
| Place of publication, distribution, etc | Acton, Massachusetts : |
| Name of publisher, distributor, etc | Publishing Sciences Group, Inc., |
| Date of publication, distribution, etc | c1974. |
| 300 ## - PHYSICAL DESCRIPTION | |
| Extent | 282p. : |
| Other physical details | ills. ; |
| Dimensions | 23cm. |
| 504 ## - BIBLIOGRAPHY, ETC. NOTE | |
| Bibliography, etc | Includes index |
| 650 ## - SUBJECT ADDED ENTRY--TOPICAL TERM | |
| Topical term or geographic name as entry element | Food -- Popular works. Nutrition |
| 650 ## - SUBJECT ADDED ENTRY--TOPICAL TERM | |
| Topical term or geographic name as entry element | Food |
| 650 ## - SUBJECT ADDED ENTRY--TOPICAL TERM | |
| Topical term or geographic name as entry element | Nutrition |
| 700 ## - ADDED ENTRY--PERSONAL NAME | |
| Personal name | White, Philip L. |
| 700 ## - ADDED ENTRY--PERSONAL NAME | |
| Personal name | Salvey, Nancy |
| 942 ## - ADDED ENTRY ELEMENTS (KOHA) | |
| Source of classification or shelving scheme | Library of Congress Classification |
| Item type | Books |
| Withdrawn status | Lost status | Source of classification or shelving scheme | Damaged status | Not for loan | Home library | Current library | Shelving location | Date acquired | Source of acquisition | Inventory number | Total Checkouts | Full call number | Barcode | Date last seen | Price effective from | Koha item type |
|---|---|---|---|---|---|---|---|---|---|---|---|---|---|---|---|---|
| Library of Congress Classification | BSOP Library | BSOP Library | David Weisberg Collection | 04/23/2024 | Donated by Dr. David and Oprah Weisberg | 48114 | TX355 L64 1974 | 00060448 | 04/23/2024 | 04/23/2024 | Books |
